[Event "VIE-chT"]
[Site "Bac Giang"]
[Date "2020.06.08"]
[Round "5.12"]
[White "Tong, Thai Hung"]
[Black "Dau, Khuong Duy"]
[Result "1-0"]
[WhiteElo "2190"]
[BlackElo "1552"]
[PlyCount "97"]
[EventDate "2020.06.06"]
[EventType "swiss"]
[EventRounds "9"]
[EventCountry "VIE"]
[SourceTitle "CBM 197 Extra"]
[Source "ChessBase"]
[SourceDate "2020.09.30"]
[SourceVersion "1"]
[SourceVersionDate "2020.09.30"]
[SourceQuality "1"]

1. e4 c5 2. Nf3 d6 3. d4 cxd4 4. Nxd4 Nf6 5. f3 g6 6. c4 Bg7 7. Nc3 0-0 8. Be3 b6 9. Qd2 Bb7 10. Be2 Nbd7 11. 0-0 Rc8 12. Rac1 Ne8 13. Rfd1 Nc7 14. b4 Qe8 15. a3 Kh8 16. Bf1 Ne5 17. Nd5 Qd8 18. Bg5 Re8 19. Be2 Ne6 20. Nxe6 fxe6 21. Nxe7 Rxe7 22. Bxe7 Qxe7 23. Qxd6 Qxd6 24. Rxd6 Nc6 25. Rcd1 e5 26. Rd7 Ba8 27. R1d5 Rf8 28. R5d6 Nd4 29. Bd3 Bc6 30. Rxa7 Rb8 31. b5 Be8 32. Ra6 Bf8 33. Rdxb6 Rxb6 34. Rxb6 Bc5 35. Ra6 Nxb5+ 36. Kf1 Nc7 37. Ra5 Bd4 38. c5 Bc6 39. Bc4 Bc3 40. Ra7 Nb5 41. Ra6 Nd4 42. a4 Bb4 43. Bd5 Bxd5 44. exd5 Bxc5 45. d6 Kg7 46. d7 Be7 47. Ra8 Nc6 48. Rc8 Nd8 49. a5 1-0

[Event "ASEAN-ch 4th"]
[Site "Bac Giang"]
[Date "2019.10.27"]
[Round "4"]
[White "Doan, Van Duc"]
[Black "Tong, Thai Hung"]
[Result "0-1"]
[WhiteElo "2142"]
[BlackElo "2202"]
[PlyCount "72"]
[EventDate "2019.10.25"]
[EventType "swiss"]
[EventRounds "9"]
[EventCountry "VIE"]
[SourceTitle "CBM 192 Extra"]
[Source "Chessbase"]
[SourceDate "2019.11.06"]
[SourceVersion "1"]
[SourceVersionDate "2019.11.06"]
[SourceQuality "1"]

1. Nf3 d5 2. d4 Nf6 3. Bf4 c5 4. c3 Qb6 5. Qb3 Nc6 6. e3 c4 7. Qc2 Bf5 8. Qc1 Nh5 9. Bg3 Nxg3 10. hxg3 Qd8 11. Nbd2 b5 12. Nh4 Bd7 13. e4 e6 14. f4 Be7 15. Qc2 g6 16. Be2 b4 17. Ndf3 Rb8 18. 0-0 0-0 19. g4 bxc3 20. bxc3 Ba3 21. Rab1 Qc7 22. Ne5 Kg7 23. Nxd7 Qxd7 24. f5 Be7 25. Nf3 Rxb1 26. Qxb1 Rb8 27. Qc2 Qb7 28. g5 exf5 29. exf5 Bd6 30. Qa4 Bf4 31. Bd1 Qc7 32. Qc2 Be3+ 33. Kh1 Qg3 34. Qa4 Rb6 35. Qa3 gxf5 36. Qc5 Rb2 0-1

[Event "ASEAN-ch 4th"]
[Site "Bac Giang"]
[Date "2019.10.26"]
[Round "3"]
[White "Tong, Thai Hung"]
[Black "Dang, Hoang Son"]
[Result "0-1"]
[WhiteElo "2202"]
[BlackElo "2306"]
[PlyCount "62"]
[EventDate "2019.10.25"]
[EventType "swiss"]
[EventRounds "9"]
[EventCountry "VIE"]
[SourceTitle "CBM 192 Extra"]
[Source "Chessbase"]
[SourceDate "2019.11.06"]
[SourceVersion "1"]
[SourceVersionDate "2019.11.06"]
[SourceQuality "1"]

1. e4 g6 2. d4 Bg7 3. Nc3 a6 4. f4 d5 5. e5 Nh6 6. Nf3 Nc6 7. Be3 Bg4 8. Be2 e6 9. 0-0 Nf5 10. Bf2 Bh6 11. Qd2 f6 12. Rae1 0-0 13. exf6 Qxf6 14. Ng5 Bxe2 15. Nxe2 Nd6 16. c3 Bxg5 17. fxg5 Ne4 18. gxf6 Nxd2 19. Bg3 Nxf1 20. Rxf1 Rf7 21. Nc1 Raf8 22. Be5 Nxe5 23. dxe5 c5 24. Nd3 Rc7 25. Nf4 Kf7 26. h4 h6 27. g4 g5 28. hxg5 hxg5 29. Nh3 Kg6 30. Rd1 b5 31. Kf2 a5 0-1

[Event "VIE-ch"]
[Site "Ho Chi Minh City"]
[Date "2019.05.08"]
[Round "8"]
[White "Tong, Thai Hung"]
[Black "Hoang, Canh Huan"]
[Result "1/2-1/2"]
[WhiteElo "2202"]
[BlackElo "2397"]
[PlyCount "74"]
[EventDate "2019.05.02"]
[EventType "swiss"]
[EventRounds "9"]
[EventCountry "VIE"]
[SourceTitle "CBM 190 Extra"]
[Source "ChessBase"]
[SourceDate "2019.07.15"]
[SourceVersion "1"]
[SourceVersionDate "2019.07.15"]
[SourceQuality "1"]

1. d4 Nf6 2. c4 e6 3. Nc3 Bb4 4. Qc2 c5 5. dxc5 Na6 6. a3 Bxc3+ 7. Qxc3 Nxc5 8. Nf3 0-0 9. e3 d5 10. Be2 Nfe4 11. Qc2 a5 12. b3 e5 13. 0-0 Qb6 14. Rb1 Bf5 15. Nh4 Be6 16. f3 Nf6 17. b4 axb4 18. axb4 Na4 19. c5 Rfc8 20. Qxa4 Rxa4 21. cxb6 g5 22. e4 gxh4 23. Bg5 Nh5 24. exd5 Bxd5 25. Rfd1 Be6 26. Bxh4 Nf4 27. Bf1 Nd5 28. Re1 Ra2 29. Rbc1 Rxc1 30. Rxc1 Nxb6 31. Bg3 f6 32. Bh4 f5 33. Re1 Nc4 34. Bf6 Nd2 35. Bxe5 Nxf1 36. Kxf1 Bc4+ 37. Kg1 Re2 1/2-1/2

[Event "VIE-ch"]
[Site "Ho Chi Minh City"]
[Date "2019.05.02"]
[Round "2"]
[White "Tong, Thai Hung"]
[Black "Nguyen, Huynh Minh Huy"]
[Result "0-1"]
[WhiteElo "2202"]
[BlackElo "2413"]
[PlyCount "58"]
[EventDate "2019.05.02"]
[EventType "swiss"]
[EventRounds "9"]
[EventCountry "VIE"]
[SourceTitle "CBM 190 Extra"]
[Source "ChessBase"]
[SourceDate "2019.07.15"]
[SourceVersion "1"]
[SourceVersionDate "2019.07.15"]
[SourceQuality "1"]

1. d4 d5 2. c4 e6 3. Nf3 Nf6 4. Qc2 c6 5. g3 Nbd7 6. Bg2 b6 7. 0-0 Bb7 8. Nbd2 Be7 9. e4 0-0 10. b3 Rc8 11. Bb2 c5 12. exd5 exd5 13. dxc5 dxc4 14. Nxc4 b5 15. Ne3 Bxc5 16. Qd3 Qb6 17. Nh4 Rfe8 18. Nd5 Bxd5 19. Bxd5 Rcd8 20. Bf3 Ne5 21. Qf5 Bxf2+ 22. Kh1 Bd4 23. Bxd4 Qxd4 24. Rad1 Nd3 25. Rd2 Re5 26. Qh3 Qc3 27. Re2 Nf4 28. gxf4 Rxe2 29. Qg3 Rc2 0-1

[Event "Ho Chi Minh City HD Bank op 9th"]
[Site "Ho Chi Minh City"]
[Date "2019.03.12"]
[Round "8"]
[White "Tong, Thai Hung"]
[Black "Chandratreya, Prachiti"]
[Result "1-0"]
[WhiteElo "2185"]
[BlackElo "2071"]
[PlyCount "159"]
[EventDate "2019.03.07"]
[EventType "swiss"]
[EventRounds "9"]
[EventCountry "VIE"]
[SourceTitle "CBM 189 Extra"]
[Source "ChessBase"]
[SourceDate "2019.06.03"]
[SourceVersion "1"]
[SourceVersionDate "2019.06.03"]
[SourceQuality "1"]

1. d4 Nf6 2. c4 g6 3. Nf3 Bg7 4. g3 0-0 5. Bg2 d6 6. 0-0 Nc6 7. Nc3 a6 8. Bf4 h6 9. h3 g5 10. Bc1 e5 11. dxe5 dxe5 12. Be3 Be6 13. Qa4 Qe7 14. Rad1 g4 15. hxg4 Nxg4 16. Nd5 Bxd5 17. cxd5 Nxe3 18. fxe3 e4 19. Nh4 Ne5 20. Qxe4 Rae8 21. Rc1 c6 22. dxc6 bxc6 23. Nf5 Qg5 24. Qf4 Qg6 25. b3 Kh8 26. Be4 Qe6 27. Nd4 Qe7 28. Nf5 Qe6 29. Bg2 Qg6 30. Bh3 Qh5 31. Nxg7 Kxg7 32. Qf6+ Kg8 33. Bf5 Ng4 34. Bxg4 Qxg4 35. Rf3 Re6 36. Qf4 Qg7 37. Rc5 Rg6 38. Kf2 Qa1 39. Ra5 Qh1 40. Qh4 Qc1 41. Rxa6 Qc5 42. Ra4 f5 43. Qc4+ Qxc4 44. Rxc4 Ra8 45. Rc2 Ra5 46. Rf4 Kg7 47. Rfc4 Ra6 48. Rd4 Re6 49. a4 Kg6 50. Rc5 Ra8 51. Rdc4 Ra6 52. a5 Rd6 53. b4 Re6 54. Kf3 Rd6 55. Kf4 Rf6 56. Rd4 Ra8 57. Rdc4 Ra6 58. Ke5 Kg5 59. Rh4 Rg6 60. Rf4 Ra8 61. Kd4 Rd6+ 62. Kc4 Rd1 63. Rcxf5+ Kg6 64. Rf6+ Kg5 65. Rxc6 Rb8 66. Rb6 Rc8+ 67. Kb5 Rd5+ 68. Ka4 Rc1 69. Rd4 Re5 70. e4 Kg4 71. Rg6+ Kh3 72. a6 Kg2 73. Rd3 Ra1+ 74. Ra3 Rb1 75. a7 Re8 76. Rb6 Ra8 77. Rb7 Rd1 78. Ka5 Rd6 79. b5 Re6 80. b6 1-0

[Event "Ho Chi Minh City HD Bank op 9th"]
[Site "Ho Chi Minh City"]
[Date "2019.03.10"]
[Round "5"]
[White "Hoang, Canh Huan"]
[Black "Tong, Thai Hung"]
[Result "1-0"]
[WhiteElo "2394"]
[BlackElo "2185"]
[PlyCount "101"]
[EventDate "2019.03.07"]
[EventType "swiss"]
[EventRounds "9"]
[EventCountry "VIE"]
[SourceTitle "CBM 189 Extra"]
[Source "ChessBase"]
[SourceDate "2019.06.03"]
[SourceVersion "1"]
[SourceVersionDate "2019.06.03"]
[SourceQuality "1"]

1. e4 e5 2. Nc3 Nf6 3. f4 d5 4. fxe5 Nxe4 5. Nf3 Bc5 6. d4 Bb4 7. Bd2 Bxc3 8. bxc3 Bg4 9. Rb1 b6 10. Bd3 Nxd2 11. Qxd2 Bxf3 12. gxf3 0-0 13. f4 c5 14. Qg2 Nc6 15. dxc5 bxc5 16. Rb5 c4 17. Be2 Ne7 18. Rg1 g6 19. Qg5 Qd7 20. a4 a6 21. Rb6 Rab8 22. Rxa6 Qh3 23. Qg3 Qxg3+ 24. hxg3 Ra8 25. Rd6 Rxa4 26. Kd2 Rfa8 27. g4 Ra1 28. Rxa1 Rxa1 29. Rd7 Kf8 30. Rd8+ Kg7 31. Re8 Ra7 32. Ke3 h5 33. Kd4 h4 34. Bf1 f5 35. g5 Kf7 36. Rh8 Ra1 37. Bg2 Kg7 38. Rxh4 Rc1 39. Bh1 Rxc2 40. Rh3 Rf2 41. Kc5 Rxf4 42. Kd6 Nc8+ 43. Kc7 Ne7 44. Kd7 Ng8 45. Bxd5 Rg4 46. e6 Rxg5 47. e7 Nxe7 48. Kxe7 Rg4 49. Ke6 Rf4 50. Ke5 g5 51. Rf3 1-0

[Event "Ho Chi Minh City HD Bank op 9th"]
[Site "Ho Chi Minh City"]
[Date "2019.03.09"]
[Round "4"]
[White "Tong, Thai Hung"]
[Black "Nitin, Senthilvel"]
[Result "0-1"]
[WhiteElo "2185"]
[BlackElo "2408"]
[PlyCount "79"]
[EventDate "2019.03.07"]
[EventType "swiss"]
[EventRounds "9"]
[EventCountry "VIE"]
[SourceTitle "CBM 189 Extra"]
[Source "ChessBase"]
[SourceDate "2019.06.03"]
[SourceVersion "1"]
[SourceVersionDate "2019.06.03"]
[SourceQuality "1"]

1. e4 c5 2. Nf3 d6 3. d4 cxd4 4. Nxd4 Nf6 5. f3 e5 6. Nb3 Be6 7. c4 a5 8. Be3 a4 9. N3d2 Qa5 10. Nc3 Nbd7 11. Rc1 Be7 12. Bd3 0-0 13. 0-0 Bd8 14. Rf2 Bb6 15. Nf1 Rfc8 16. Nb5 Rc6 17. Rfc2 Bxe3+ 18. Nxe3 Qb6 19. Qd2 Nc5 20. Na3 Na6 21. c5 Nxc5 22. Bb5 Rc7 23. Bc4 Rac8 24. Kh1 h6 25. Bxe6 Nxe6 26. Rxc7 Rxc7 27. Rxc7 Qxc7 28. Nb5 Qc5 29. Nxd6 b5 30. a3 g6 31. h3 Nd4 32. Nb7 Qa7 33. Na5 Nh5 34. Kh2 Nf4 35. Ng4 Nde2 36. Ne3 Qc7 37. Nd5 Qc5 38. Qe3 Qc2 39. Nc6 Ng3 40. Nf6+ 0-1

[Event "VIE-ch"]
[Site "Bac Giang"]
[Date "2017.11.27"]
[Round "7"]
[White "Tran, Dang Minh Quang"]
[Black "Tong, Thai Hung"]
[Result "1/2-1/2"]
[WhiteElo "1957"]
[BlackElo "2191"]
[PlyCount "60"]
[EventDate "2017.11.23"]
[EventType "swiss"]
[EventRounds "9"]
[EventCountry "VIE"]
[SourceTitle "CBM 181 Extra"]
[Source "ChessBase"]
[SourceDate "2017.12.12"]
[SourceVersion "1"]
[SourceVersionDate "2017.12.12"]
[SourceQuality "1"]

1. c4 c6 2. Nf3 d5 3. g3 Nf6 4. Bg2 Bf5 5. 0-0 e6 6. b3 h6 7. Bb2 Be7 8. d3 0-0 9. Nbd2 a5 10. Re1 Bh7 11. e4 dxe4 12. Nxe4 Na6 13. Qe2 Nxe4 14. dxe4 Nc5 15. Ne5 Qc7 16. Rad1 Rfd8 17. h4 Bf6 18. f4 Rxd1 19. Rxd1 Rd8 20. Bd4 Nxe4 21. Bxe4 Bxe4 22. Qxe4 c5 23. Kg2 cxd4 24. Rxd4 Rxd4 25. Qxd4 Bxe5 26. fxe5 Qc6+ 27. Kf2 a4 28. b4 Qh1 29. Qd8+ Kh7 30. Qd3+ Kg8 1/2-1/2

[Event "VIE-ch"]
[Site "Bac Giang"]
[Date "2017.11.26"]
[Round "6"]
[White "Tong, Thai Hung"]
[Black "Nguyen, Van Toan Thanh"]
[Result "1-0"]
[WhiteElo "2191"]
[BlackElo "2039"]
[PlyCount "127"]
[EventDate "2017.11.23"]
[EventType "swiss"]
[EventRounds "9"]
[EventCountry "VIE"]
[SourceTitle "CBM 181 Extra"]
[Source "ChessBase"]
[SourceDate "2017.12.12"]
[SourceVersion "1"]
[SourceVersionDate "2017.12.12"]
[SourceQuality "1"]

1. e4 c5 2. Nf3 Nc6 3. d4 cxd4 4. Nxd4 Nf6 5. Nc3 e5 6. Ndb5 d6 7. Bg5 a6 8. Na3 b5 9. Nd5 Be7 10. Bxf6 Bxf6 11. c3 0-0 12. Nc2 Bg5 13. a4 bxa4 14. Rxa4 a5 15. Bc4 Rb8 16. b3 Kh8 17. Ra2 f5 18. exf5 Bxf5 19. 0-0 Qd7 20. Qe2 Bg4 21. f3 Be6 22. Rd1 Qf7 23. Kh1 h5 24. Nce3 h4 25. h3 Qg6 26. Nf1 Qh6 27. Nc7 Bf7 28. Nb5 Rbd8 29. Bxf7 Rxf7 30. Qc4 d5 31. Rxd5 Rfd7 32. Rxd7 Rxd7 33. Ra1 Bf4 34. b4 axb4 35. cxb4 Ne7 36. Nc3 Qc6 37. Qxc6 Nxc6 38. b5 Rd3 39. Ne2 Ne7 40. Nxf4 exf4 41. Rb1 Rd7 42. b6 Rb7 43. Nd2 Nd5 44. Nc4 Kg8 45. Kg1 Kf8 46. Rb5 Nc3 47. Rf5+ Ke7 48. Kf1 Ke6 49. Rxf4 g5 50. Rg4 Kd5 51. Ne3+ Ke5 52. Rxg5+ Kd4 53. Nf5+ Kd3 54. Rg6 Nd5 55. Rd6 Kc4 56. Rh6 Kb3 57. Rxh4 Rxb6 58. Rd4 Nb4 59. g4 Kc3 60. Rd6 Rb8 61. Kg2 Nd3 62. Kg3 Rb1 63. Rxd3+ Kxd3 64. h4 1-0

[Event "VIE-ch"]
[Site "Bac Giang"]
[Date "2017.11.23"]
[Round "2"]
[White "Dao, Minh Nhat"]
[Black "Tong, Thai Hung"]
[Result "0-1"]
[WhiteElo "1957"]
[BlackElo "2191"]
[PlyCount "140"]
[EventDate "2017.11.23"]
[EventType "swiss"]
[EventRounds "9"]
[EventCountry "VIE"]
[SourceTitle "CBM 181 Extra"]
[Source "ChessBase"]
[SourceDate "2017.12.12"]
[SourceVersion "1"]
[SourceVersionDate "2017.12.12"]
[SourceQuality "1"]

1. d4 Nf6 2. Bf4 d5 3. e3 c5 4. c3 Nc6 5. Nd2 Bf5 6. Qb3 Qd7 7. dxc5 e5 8. Bg3 Bxc5 9. Ngf3 Bd6 10. Bb5 Qe7 11. c4 dxc4 12. Qxc4 0-0 13. 0-0 Rfc8 14. Qh4 Na5 15. Rfc1 a6 16. Bf1 h6 17. a3 b5 18. b4 Nb7 19. a4 Rxc1 20. Rxc1 bxa4 21. Nc4 Bxb4 22. Nb6 Rf8 23. Bxe5 Bd6 24. Bxf6 Qxf6 25. Qxf6 gxf6 26. Nxa4 a5 27. Ba6 Rb8 28. Nd4 Bd7 29. Nb6 Be8 30. Nc4 Bb4 31. Bb5 Bxb5 32. Nxb5 Rc8 33. Rc2 Kf8 34. Kf1 Rc5 35. Nd4 Nd6 36. Nxd6 Rxc2 37. Nxc2 Bxd6 38. Ke2 a4 39. f4 Kg7 40. g3 Kg6 41. e4 Kh5 42. h3 Bc5 43. Kf3 a3 44. e5 f5 45. g4+ Kg6 46. Ke2 a2 47. Kd3 Ba3 48. Kc3 Bc1 49. Kb3 Bxf4 50. Kxa2 fxg4 51. hxg4 Kg5 52. Kb3 Kxg4 53. Kc4 Bxe5 54. Kd5 Bc3 55. Ke4 Bd2 56. Kd3 Ba5 57. Ke2 Bb6 58. Kf1 Kg3 59. Na3 h5 60. Nc4 Bc5 61. Ne5 f5 62. Nd3 Bd4 63. Nc1 Be3 64. Ne2+ Kf3 65. Nc3 h4 66. Nd1 h3 67. Nf2 Kg3 68. Nh1+ Kh2 69. Nf2 Bxf2 70. Kxf2 f4 0-1

[Event "VIE-chT"]
[Site "Ho Chi Minh City"]
[Date "2017.07.29"]
[Round "9.15"]
[White "Tong, Thai Hung"]
[Black "Nguyen, Phuoc Tam"]
[Result "1-0"]
[WhiteElo "2182"]
[BlackElo "2042"]
[PlyCount "114"]
[EventDate "2017.07.24"]
[EventType "team-swiss"]
[EventRounds "9"]
[EventCountry "VIE"]
[SourceTitle "EXT 2019"]
[Source "ChessBase"]
[SourceDate "2018.10.10"]
[SourceVersion "1"]
[SourceVersionDate "2018.10.10"]
[SourceQuality "1"]

1. e4 d5 2. exd5 Qxd5 3. Nc3 Qd8 4. d4 Nf6 5. Nf3 e6 6. Bg5 Be7 7. Bc4 c6 8. a4 Nbd7 9. 0-0 0-0 10. Qe2 Nb6 11. Bb3 a5 12. Rfd1 h6 13. Bxf6 Bxf6 14. Ne4 Nd5 15. Ne5 Re8 16. c3 Qc7 17. Nxf6+ Nxf6 18. Rd3 b6 19. Rg3 Bb7 20. Qf3 Qe7 21. Bc2 Nd7 22. Nxc6 Bxc6 23. Qxc6 Rac8 24. Qb5 Qd6 25. Re1 Nf6 26. h3 Qf4 27. Qe5 Qxe5 28. Rxe5 Red8 29. Rb5 Rd6 30. Re3 Nd5 31. Re2 Kf8 32. g3 g6 33. Bb3 Nf6 34. Kg2 Nd7 35. f4 Kg7 36. Kf3 Rd8 37. Bc2 Rc8 38. g4 Rd8 39. f5 exf5 40. gxf5 g5 41. Bb3 Kf8 42. Rd5 Nf6 43. Rde5 R8d7 44. Bc4 Rc7 45. Bb5 Nd5 46. h4 Kg7 47. hxg5 hxg5 48. Kg4 Rd8 49. Rh2 Rd6 50. Re1 Rc8 51. Kxg5 Rg8 52. Re8 Rxe8 53. Bxe8 Nf6 54. Bb5 Rd8 55. Kf4 Rd5 56. Bc6 Rd6 57. Bf3 Rd8 1-0

[Event "VIE-chT"]
[Site "Ho Chi Minh City"]
[Date "2017.07.27"]
[Round "6.19"]
[White "Vo, Pham Thien Phuc"]
[Black "Tong, Thai Hung"]
[Result "0-1"]
[WhiteElo "2005"]
[BlackElo "2182"]
[PlyCount "84"]
[EventDate "2017.07.24"]
[EventType "team-swiss"]
[EventRounds "9"]
[EventCountry "VIE"]
[SourceTitle "EXT 2019"]
[Source "ChessBase"]
[SourceDate "2018.10.10"]
[SourceVersion "1"]
[SourceVersionDate "2018.10.10"]
[SourceQuality "1"]

1. c4 c6 2. d3 d5 3. Nd2 e5 4. g3 Nf6 5. Bg2 Bd6 6. e4 dxe4 7. Nxe4 0-0 8. Ne2 Bb4+ 9. Bd2 Bxd2+ 10. Qxd2 Nxe4 11. Bxe4 Na6 12. b4 Bh3 13. a3 Qd7 14. 0-0-0 Rad8 15. Qc2 Qe6 16. Rhe1 Qf6 17. f3 Qh6+ 18. f4 Bg4 19. Rd2 f5 20. Bh1 Bxe2 21. Rdxe2 exf4 22. gxf4 Qxf4+ 23. Kb1 Rd7 24. Ka2 Nc7 25. Re7 Rf7 26. Rxf7 Kxf7 27. Qe2 g6 28. Be4 Re7 29. Qg2 Qd6 30. Rf1 Ke8 31. c5 Qe6+ 32. Kb2 fxe4 33. dxe4 Qxe4 34. Qh3 Qe5+ 35. Kb1 Qe6 36. Qh6 Qb3+ 37. Ka1 Qxa3+ 38. Kb1 Qxb4+ 39. Ka1 Qa4+ 40. Kb1 Qb5+ 41. Kc2 Qc4+ 42. Kb1 Qxf1+ 0-1

[Event "VIE-ch"]
[Site "Hanoi"]
[Date "2017.04.21"]
[Round "8"]
[White "Duong, The Anh"]
[Black "Tong, Thai Hung"]
[Result "1/2-1/2"]
[WhiteElo "2335"]
[BlackElo "2176"]
[PlyCount "129"]
[EventDate "2017.04.16"]
[EventType "swiss"]
[EventRounds "11"]
[EventCountry "VIE"]
[SourceTitle "CBM 178 Extra"]
[Source "ChessBase"]
[SourceDate "2017.06.22"]
[SourceVersion "1"]
[SourceVersionDate "2017.06.22"]
[SourceQuality "1"]

1. c4 c6 2. Nf3 d5 3. b3 Nf6 4. Bb2 Bf5 5. e3 e6 6. Be2 h6 7. 0-0 Be7 8. Nc3 0-0 9. Re1 Nbd7 10. d4 Ne4 11. Nxe4 Bxe4 12. Nd2 Bg6 13. Bf1 Nf6 14. a3 a5 15. c5 b6 16. b4 bxc5 17. bxc5 Qc7 18. Bc3 Rfb8 19. Ra2 Bd8 20. Qa4 Rb7 21. Rb2 Rxb2 22. Bxb2 Qb7 23. Bc3 Rb8 24. f3 Bc7 25. Ra1 Qa8 26. Ra2 Kh7 27. Qd1 Rb7 28. Qc1 Qb8 29. g3 Nd7 30. Rb2 Rxb2 31. Qxb2 Qxb2 32. Bxb2 Bc2 33. Bc3 Kg8 34. Kf2 Kf8 35. Be2 e5 36. Ke1 exd4 37. exd4 Ke7 38. Bd1 Bxd1 39. Kxd1 Nf8 40. Kc2 a4 41. Kd3 Ne6 42. Nb1 h5 43. Be1 h4 44. Nc3 Ba5 45. Bd2 hxg3 46. hxg3 Bxc3 47. Kxc3 Kd7 48. Be3 Kc7 49. Kb4 Kb7 50. Kxa4 Ka6 51. Kb4 g6 52. g4 f6 53. Kc3 Kb5 54. Kb3 Ka5 55. Bd2+ Kb5 56. a4+ Ka6 57. Be3 Ka5 58. Ka3 Ng7 59. Bd2+ Ka6 60. Kb4 Ne6 61. Be3 Ng7 62. Bg1 Ne6 63. Be3 Ng7 64. Bg1 Ne6 65. Bf2 1/2-1/2

[Event "VIE-ch"]
[Site "Hanoi"]
[Date "2017.04.18"]
[Round "4"]
[White "Pham, Minh Hieu"]
[Black "Tong, Thai Hung"]
[Result "1/2-1/2"]
[WhiteElo "1986"]
[BlackElo "2176"]
[PlyCount "91"]
[EventDate "2017.04.16"]
[EventType "swiss"]
[EventRounds "11"]
[EventCountry "VIE"]
[SourceTitle "CBM 178 Extra"]
[Source "ChessBase"]
[SourceDate "2017.06.22"]
[SourceVersion "1"]
[SourceVersionDate "2017.06.22"]
[SourceQuality "1"]

1. d4 Nf6 2. Bf4 g6 3. e3 Bg7 4. Nf3 0-0 5. Nbd2 c5 6. c3 d6 7. Be2 Nc6 8. 0-0 cxd4 9. cxd4 Nh5 10. Bg3 Nxg3 11. hxg3 Bf5 12. Qb3 Na5 13. Qa3 Qb6 14. Rfc1 Rfc8 15. b4 Rxc1+ 16. Rxc1 Nc6 17. b5 Na5 18. Qb4 Qd8 19. a4 Rc8 20. Rxc8 Bxc8 21. Nc4 Nxc4 22. Bxc4 d5 23. Bb3 e6 24. Qc5 b6 25. Qc6 Qd7 26. Qc3 f6 27. Nd2 Bb7 28. f4 Bf8 29. g4 Bd6 30. Nf3 Qc7 31. Qxc7 Bxc7 32. g5 Kg7 33. g4 f5 34. Kf2 a6 35. gxf5 gxf5 36. bxa6 Bxa6 37. Bd1 Bc4 38. Be2 Bxe2 39. Kxe2 Kg6 40. Kd3 Kh5 41. Ke2 Kg4 42. g6 hxg6 43. Ng5 Bxf4 44. exf4 Kxf4 45. Nxe6+ Ke4 46. Nf8 1/2-1/2

[Event "VIE-ch"]
[Site "Hanoi"]
[Date "2017.04.18"]
[Round "3"]
[White "Tong, Thai Hung"]
[Black "Vo, Thanh Ninh"]
[Result "0-1"]
[WhiteElo "2176"]
[BlackElo "2414"]
[PlyCount "170"]
[EventDate "2017.04.16"]
[EventType "swiss"]
[EventRounds "11"]
[EventCountry "VIE"]
[SourceTitle "CBM 178 Extra"]
[Source "ChessBase"]
[SourceDate "2017.06.22"]
[SourceVersion "1"]
[SourceVersionDate "2017.06.22"]
[SourceQuality "1"]

1. e4 c5 2. Nf3 Nf6 3. e5 Nd5 4. b3 d6 5. Bc4 e6 6. Bb2 Nb6 7. Bb5+ Bd7 8. Bxd7+ N8xd7 9. exd6 Bxd6 10. 0-0 0-0 11. d4 c4 12. a4 Rc8 13. a5 cxb3 14. cxb3 Nd5 15. Nbd2 Rc6 16. Nc4 Bc7 17. Re1 f6 18. Qd3 Rf7 19. Nfd2 Nf8 20. Ne4 f5 21. Ned2 Ng6 22. Nf3 Rd7 23. g3 h6 24. h4 Nf6 25. Qe2 Ng4 26. h5 Nf8 27. Nfe5 Nxe5 28. dxe5 Rc5 29. Red1 Rcd5 30. Nd6 Rxd1+ 31. Rxd1 Bxd6 32. Rxd6 Rxd6 33. exd6 Qxd6 34. Qe3 Qd1+ 35. Kg2 Qd5+ 36. Kg1 Qxa5 37. Qd4 Qc7 38. Qxa7 Nd7 39. Qa8+ Qb8 40. Qa4 Qc8 41. Qa5 Kf7 42. Qb4 b6 43. Qd4 Nf6 44. Qxb6 Nxh5 45. Qd4 Qb7 46. b4 Nf6 47. Qc5 Nd5 48. b5 Qb6 49. Qxb6 Nxb6 50. Bd4 Nc4 51. b6 Na5 52. f4 g6 53. Kf2 Ke7 54. Ke2 Kd6 55. Kd3 Kc6 56. Bg7 Kxb6 57. Bxh6 Kc5 58. Bg7 Nc4 59. Ke2 Kd5 60. Kf3 Nd2+ 61. Ke3 Nf1+ 62. Kf2 Nh2 63. Kg2 Ng4 64. Kf3 Kc5 65. Ba1 Kc4 66. Ke2 Nh6 67. Bg7 Nf7 68. Bf6 Nd6 69. Be7 Ne4 70. Kf3 Kd3 71. Bb4 Nd2+ 72. Kf2 Nb3 73. Kf3 Nd4+ 74. Kf2 Ke4 75. Bc3 Nf3 76. Ba5 g5 77. Bc7 g4 78. Bb8 Kd3 79. Bc7 Nd2 80. Bb8 Ne4+ 81. Kg2 Ke2 82. Bc7 Nf2 83. Bb6 Nd1 84. Ba7 Ne3+ 85. Kg1 Kf3 0-1

[Event "Ho Chi Minh City HD Bank op 7th"]
[Site "Ho Chi Minh City"]
[Date "2017.03.14"]
[Round "5"]
[White "Nguyen, Thi Mai Hung"]
[Black "Tong, Thai Hung"]
[Result "1-0"]
[WhiteElo "2347"]
[BlackElo "2182"]
[PlyCount "117"]
[EventDate "2017.03.12"]
[EventType "swiss"]
[EventRounds "9"]
[EventCountry "VIE"]
[SourceTitle "CBM 177 Extra"]
[Source "ChessBase"]
[SourceDate "2017.04.27"]
[SourceVersion "1"]
[SourceVersionDate "2017.04.27"]
[SourceQuality "1"]

1. d4 Nf6 2. Nf3 d5 3. Bf4 c5 4. e3 Nc6 5. Nc3 cxd4 6. exd4 a6 7. h3 Bf5 8. Be2 e6 9. Ne5 Qb6 10. Nxc6 Qxc6 11. a3 Be7 12. 0-0 0-0 13. Bf3 h6 14. Qd2 Rfd8 15. Rfc1 Rac8 16. Nd1 Ne4 17. Qe2 b5 18. Ne3 Bh7 19. Ng4 Qb6 20. c3 Bd6 21. Bxd6 Nxd6 22. Ne5 Nc4 23. Bh5 Nxe5 24. Qxe5 Qd6 25. Qe2 Rc6 26. Re1 Rb8 27. Qd2 Be4 28. Re3 Qf4 29. Be2 a5 30. Rc1 Qg5 31. Bf1 Bf5 32. Qd1 Qf4 33. Be2 b4 34. a4 bxc3 35. bxc3 Rb2 36. Qe1 Rc7 37. Bb5 Qd6 38. Re2 Rxe2 39. Bxe2 Qa3 40. Qd2 Qb3 41. c4 dxc4 42. Qxa5 Qb2 43. Rc3 Rc8 44. Bxc4 Qd2 45. Qa6 Rd8 46. Re3 Rxd4 47. Bb5 Qc1+ 48. Kh2 Rd1 49. Qa8+ Kh7 50. Qb7 Bg6 51. Be8 Rh1+ 52. Kg3 Qc5 53. Qb5 Qd5 54. Re5 Qd8 55. Bc6 Bf5 56. f4 Qd1 57. Be4 Rxh3+ 58. gxh3 Qg1+ 59. Bg2 1-0